J.R.R. Tolkien (Record no. 2407)

MARC details
000 -LEADER
fixed length control field 00513 a2200169 4500
001 - CONTROL NUMBER
control field 068756
003 - CONTROL NUMBER IDENTIFIER
control field OSt
005 - DATE AND TIME OF LATEST TRANSACTION
control field 20220312161743.0
008 - FIXED-LENGTH DATA ELEMENTS--GENERAL INFORMATION
fixed length control field
082 ## - DEWEY DECIMAL CLASSIFICATION NUMBER
Classification number 828.91209
Item number T57J
245 1# - TITLE STATEMENT
Title J.R.R. Tolkien
Statement of responsibility, etc edited by Harold Bloom
260 ## - PUBLICATION, DISTRIBUTION, ETC. (IMPRINT)
Place of publication, distribution, etc Rhode Islan
Name of publisher, distributor, etc Chelsea House
Date of publication, distribution, etc 2000
300 ## - PHYSICAL DESCRIPTION
Extent 174p.
653 ## - INDEX TERM--UNCONTROLLED
Uncontrolled term Tolkien, J. R. R. (John Ronald Reuel), 1892-1973; Middle Earth (Imaginary place); Fantasy fiction, English
700 ## - ADDED ENTRY--PERSONAL NAME
Personal name Bloom, Harold
Relator term Editor
942 ## - ADDED ENTRY ELEMENTS (KOHA)
Source of classification or shelving scheme Dewey Decimal Classification
Koha item type Books
Holdings
Withdrawn status Lost status Source of classification or shelving scheme Damaged status Not for loan Collection code Home library Current library Date acquired Source of acquisition Cost, normal purchase price Total Checkouts Full call number Barcode Date last seen Price effective from Koha item type
    Dewey Decimal Classification     General Text Book Central University Of Rajasthan Central University Of Rajasthan 07/03/2012 ENG 1213.76   828.91209 T57J 3043 21/11/2024 02/09/2020 Books